000 00308nam a2200121Ia 4500
005 20251223131554.0
008 251219s9999 xx 000 0 und d
041 _aeng
100 _aOsterwalder and others
_9216053
245 _aValue Proposition design
260 _bWiley
_c2014
300 _a290
_bPaper Back
999 _c369588
_d369588